[Event "Rewal 2011 - Open B"]
[Site "Rewal"]
[Date "2011.08.25"]
[Round "6.42"]
[White "Gorol, Jacek"]
[Black "Graczyk, Natalia"]
[Result "0-1"]
[WhiteElo "1788"]
[BlackElo "1672"]
[EventDate "2011.??.??"]
[PlyCount "114"]

1.c4 c5 2.Nf3 Nc6 3.Nc3 e5 4.g3 g6 5.Bg2 Bg7 6.e4 Nge7 7.d3 O-O 8.h4 h5 9.
Bg5 d6 10.Qd2 Kh7 11.Nd5 f6 12.Be3 Nd4 13.Nh2 Nec6 14.f3 f5 15.Bg5 Qa5 16.
Nc3 Nb3 17.axb3 Qxa1+ 18.Nd1 Qa2 19.O-O Qxb3 20.Nc3 a6 21.Ra1 Be6 22.exf5 
gxf5 23.Ra3 Qb6 24.g4 f4 25.gxh5 Nd4 26.Qf2 Nf5 27.Ng4 Nh6 28.Nxh6 Bxh6 
29.Kh2 Qc7 30.Ne4 Kg7 31.Ra1 Bf5 32.Bxh6+ Kxh6 33.Ng5 Rg8 34.Rg1 Rg7 35.
Bh3 Bxh3 36.Kxh3 Qd7+ 37.Kh2 Qf5 38.b4 b6 39.d4 cxd4 40.c5 dxc5 41.bxc5 
bxc5 42.Qb2 Kxh5 43.Rg4 Rag8 44.Qf2 c4 45.Qb2 c3 46.Qb6 c2 47.Rg1 Qd3 48.
Qe6 Qd2+ 49.Rg2 Qxg2+ 50.Kxg2 c1=Q 51.Kh2 Qc2+ 52.Kh1 Qd1+ 53.Kh2 Qe2+ 54.
Kh1 Qf1+ 55.Kh2 Qf2+ 56.Kh1 Qxh4+ 57.Qh3 Rxg5 0-1

[Event "Rewal 2011 - Open B"]
[Site "Rewal"]
[Date "2011.08.25"]
[Round "6.43"]
[White "Orzechowski, Krzysztof"]
[Black "Mazur, Anna"]
[Result "0-1"]
[WhiteElo "1778"]
[BlackElo "1666"]
[EventDate "2011.??.??"]
[PlyCount "84"]

1.e4 c5 2.Nf3 e6 3.d4 cxd4 4.Nxd4 a6 5.Nc3 Qc7 6.Bd3 b5 7.a3 Bb7 8.O-O Nf6
9.Be3 b4 10.axb4 Bxb4 11.Nde2 O-O 12.f4 Ng4 13.Qd2 Nxe3 14.Qxe3 Bc5 15.Nd4
Nc6 16.Nce2 Qb6 17.c3 e5 18.fxe5 Nxe5 19.Kh1 Rae8 20.b4 Bxd4 21.cxd4 Nxd3 
22.Qxd3 Bxe4 23.Qc4 Qg6 24.Nf4 Qg4 25.Rxa6 Rc8 26.Qb3 Rc2 27.Qg3 Qxg3 28.
hxg3 g5 29.Re1 Bb7 30.Ra7 Rb8 31.Nh5 Bxg2+ 32.Kg1 Bf3 33.Nf6+ Kg7 34.Nxd7 
Rxb4 35.Ne5 Bd5 36.Nxf7 Rbb2 37.Nxg5+ Kg6 38.Ra6+ Kh5 39.Nf3 Rg2+ 40.Kh1 
Rh2+ 41.Kg1 Rbg2+ 42.Kf1 Bc4+ 0-1

[Event "Rewal 2011 - Open B"]
[Site "Rewal"]
[Date "2011.08.25"]
[Round "6.44"]
[White "Nowak, Kamil"]
[Black "Borowicz, Miroslaw"]
[Result "0-1"]
[WhiteElo "1637"]
[BlackElo "1776"]
[EventDate "2011.??.??"]
[PlyCount "78"]

1.e4 c6 2.d3 d5 3.Nd2 e5 4.Ngf3 Bg4 5.h3 Bxf3 6.Qxf3 Nd7 7.g3 Ngf6 8.Bg2 
Bc5 9.O-O O-O 10.c3 a5 11.Re1 Qc7 12.g4 h6 13.Nf1 dxe4 14.dxe4 Rad8 15.Ng3
Nb6 16.Bxh6 Rd6 17.Bxg7 Kxg7 18.Nf5+ Kh8 19.Nxd6 Qxd6 20.Red1 Qe7 21.Bf1 
Nh7 22.a3 Qh4 23.b4 Ng5 24.Qg2 axb4 25.axb4 Be7 26.Kh2 Kg7 27.f3 Ne6 28.
Qg3 Qg5 29.Qf2 Rh8 30.Qxb6 Qf4+ 31.Kg1 Qg3+ 32.Bg2 Nf4 33.Ra2 Rxh3 34.Kf1 
Nxg2 35.Rxg2 Rh1+ 36.Rg1 Qxf3+ 37.Ke1 Bh4+ 38.Kd2 Rh2+ 39.Kc1 Qxc3+ 0-1

[Event "Rewal 2011 - Open B"]
[Site "Rewal"]
[Date "2011.08.25"]
[Round "6.45"]
[White "Dobrzanska, Joanna"]
[Black "Koziol, Kamil"]
[Result "0-1"]
[WhiteElo "1596"]
[BlackElo "1773"]
[EventDate "2011.??.??"]
[PlyCount "58"]

1.e4 c5 2.Nf3 Nc6 3.Bb5 g6 4.O-O Bg7 5.c3 e6 6.d4 cxd4 7.cxd4 d5 8.e5 Ne7 
9.Bxc6+ Nxc6 10.Na3 a6 11.Nc2 h6 12.Be3 O-O 13.Qd2 Kh7 14.Rac1 Bd7 15.Qd3 
Ne7 16.g4 Bb5 17.Qd2 Bxf1 18.Rxf1 Rc8 19.h4 Qd7 20.Qd3 Qa4 21.Na3 b5 22.h5
Kh8 23.hxg6 b4 24.Nb1 Qc2 25.Qxa6 Qxg6 26.Nh2 Nf5 27.Qb5 Nxe3 28.fxe3 f5 
29.Qxb4 fxg4 0-1

[Event "Rewal 2011 - Open B"]
[Site "Rewal"]
[Date "2011.08.25"]
[Round "6.46"]
[White "Laszewski, Kazimierz"]
[Black "Dobrzanska, Magdalena"]
[Result "1-0"]
[WhiteElo "1755"]
[BlackElo "1417"]
[EventDate "2011.??.??"]
[PlyCount "51"]

1.e4 d5 2.exd5 Qxd5 3.Nc3 Qd6 4.d4 c6 5.Be3 Nf6 6.h3 Bf5 7.Nf3 Nbd7 8.Bc4 
e6 9.O-O O-O-O 10.Ne2 Nb6 11.Bd3 Bxd3 12.Qxd3 Nfd5 13.c4 Nxe3 14.c5 Qb8 
15.fxe3 Nd5 16.Ne5 f5 17.Nf7 Nf6 18.Nxh8 Rd7 19.b4 g5 20.b5 Qc7 21.Qb3 Re7
22.Nf7 Rxf7 23.Qxe6+ Kb8 24.bxc6 bxc6 25.Rab1+ Ka8 26.Rxf5 1-0

[Event "Rewal 2011 - Open B"]
[Site "Rewal"]
[Date "2011.08.25"]
[Round "6.50"]
[White "Knap, Jerzy"]
[Black "Sliwicka, Alicja"]
[Result "1-0"]
[WhiteElo "1913"]
[BlackElo "1609"]
[EventDate "2011.??.??"]
[PlyCount "91"]

1.d4 d5 2.c4 dxc4 3.e3 Nf6 4.Nf3 e6 5.Bxc4 Be7 6.Nc3 c5 7.O-O O-O 8.Qe2 
Nbd7 9.Rd1 Qc7 10.a3 a6 11.d5 e5 12.e4 b5 13.Bd3 c4 14.Bc2 Nc5 15.h3 Rd8 
16.Be3 Rb8 17.Nd2 Bd6 18.f3 Qe7 19.Rf1 Nh5 20.Kh2 Nf4 21.Bxf4 exf4 22.Na2 
a5 23.Rab1 Nd7 24.a4 Bb4 25.axb5 Bxd2 26.Qxd2 Qf6 27.Qxa5 Ne5 28.Nb4 Qh4 
29.Nc6 Bxh3 30.Qe1 Qxe1 31.Rfxe1 Nxc6 32.bxc6 Rdc8 33.Kxh3 Kf8 34.Kg4 Ke7 
35.Kxf4 Kd6 36.Ke3 Re8 37.Kd4 Rb4 38.Kc3 Reb8 39.Red1 g6 40.b3 cxb3 41.
Rxb3 Rxb3+ 42.Bxb3 f6 43.Ra1 Rg8 44.Ra7 h5 45.Kd4 Rf8 46.f4 1-0

[Event "Rewal 2011 - Open B"]
[Site "Rewal"]
[Date "2011.08.25"]
[Round "6.51"]
[White "Jasniewicz, Rafal"]
[Black "Baryla, Lukasz"]
[Result "1-0"]
[WhiteElo "1605"]
[BlackElo "1860"]
[EventDate "2011.??.??"]
[PlyCount "77"]

1.Nf3 e6 2.g3 d5 3.Bg2 c5 4.d3 Nf6 5.O-O Be7 6.Nc3 O-O 7.e4 d4 8.Ne2 Nc6 
9.Ne1 e5 10.f4 exf4 11.gxf4 Bg4 12.Nf3 Qb6 13.h3 Bxf3 14.Bxf3 c4 15.Qe1 
Nb4 16.Qg3 Nxc2 17.f5 Kh8 18.Kh1 Nxa1 19.Rg1 Rg8 20.Qh4 Rae8 21.Nf4 Nxe4 
22.Qh5 Nd6 23.Bd5 Ref8 24.Bxf7 h6 25.Ng6+ Kh7 26.Bxg8+ Rxg8 27.Nxe7 Qc7 
28.Nxg8 Kxg8 29.Bxh6 Qc6+ 30.Kh2 Nxf5 31.Qxf5 Qxh6 32.Qc8+ Kh7 33.Qf5+ Kg8
34.Rxa1 Qd2+ 35.Kh1 cxd3 36.Rg1 Qe3 37.Qg4 Qe5 38.Rc1 Qd5+ 39.Qg2 1-0

[Event "Rewal 2011 - Open B"]
[Site "Rewal"]
[Date "2011.08.25"]
[Round "6.52"]
[White "Majdan, Damian"]
[Black "Mirski, Roman"]
[Result "0-1"]
[WhiteElo "1829"]
[BlackElo "1591"]
[EventDate "2011.??.??"]
[PlyCount "80"]

1.e4 c5 2.Nf3 Nc6 3.d4 cxd4 4.Nxd4 g6 5.Nxc6 bxc6 6.Bc4 Bg7 7.O-O e6 8.c3 
Ne7 9.Bg5 O-O 10.Nd2 d5 11.exd5 cxd5 12.Bb3 Qc7 13.Nf3 Nf5 14.Rc1 Bb7 15.
Nh4 Nd6 16.Bf4 Qb6 17.Nf3 Ne4 18.Be5 Ba6 19.c4 dxc4 20.Bxc4 Bxe5 21.Nxe5 
Rad8 22.Qe2 Bb7 23.Rfd1 Qa5 24.Nd7 Qg5 25.f3 Rxd7 26.fxe4 Rxd1+ 27.Rxd1 
Qc5+ 28.Kh1 Rc8 29.b3 Qe5 30.Ba6 Bxa6 31.Qxa6 Rc2 32.Qxa7 Qxe4 33.Rg1 Qe2 
34.Qa8+ Kg7 35.a3 e5 36.Qf3 Qd2 37.Rd1 Rc1 38.Rg1 Qe1 39.Qf2 Qxf2 40.Rxc1 
Qb2 0-1

[Event "Rewal 2011 - Open B"]
[Site "Rewal"]
[Date "2011.08.25"]
[Round "6.53"]
[White "Poswiatowski, Stanislaw"]
[Black "Maczka, Miroslawa"]
[Result "1-0"]
[WhiteElo "1718"]
[BlackElo "1589"]
[EventDate "2011.??.??"]
[PlyCount "139"]

1.d4 d5 2.Nf3 c6 3.c4 Nf6 4.Nc3 e6 5.Bg5 Be7 6.cxd5 cxd5 7.e3 O-O 8.Bd3 
Nc6 9.O-O a6 10.Rc1 Bd7 11.Bb1 Ne8 12.Bf4 b5 13.Qd3 f5 14.Ne5 Nxe5 15.Bxe5
b4 16.Ne2 Nd6 17.Rfe1 Nc4 18.Rc2 Bb5 19.Qd1 Nxe5 20.dxe5 Qd7 21.Nd4 Rfc8 
22.Qd2 Rxc2 23.Bxc2 Rc8 24.Rc1 Kf7 25.Qd1 g6 26.Bb3 Rc5 27.Rc2 Bc4 28.Rc1 
Qc7 29.f4 Bxb3 30.Nxb3 Rc4 31.Rxc4 dxc4 32.Nd4 Qc5 33.Kf2 c3 34.Qb3 cxb2 
35.Qxb2 Qc4 36.Qb3 Qxb3 37.axb3 Bc5 38.Ke2 Ke7 39.Kd3 Kd7 40.Kc4 Be7 41.
Nc2 a5 42.Kb5 Bd8 43.Nd4 Bc7 44.Nc6 a4 45.Nd4 axb3 46.Nxb3 h6 47.Kxb4 Kc6 
48.Kc4 Bb6 49.Nd4+ Kd7 50.Kd3 Ke7 51.e4 Bc5 52.exf5 gxf5 53.h3 Kd7 54.g4 
fxg4 55.hxg4 Be7 56.Ke4 Bf8 57.Ne2 Bg7 58.Ng3 Ke7 59.f5 Kf7 60.Nh5 exf5+ 
61.gxf5 Bf8 62.Kd5 Bb4 63.Kc6 Ke7 64.Kd5 Kf7 65.e6+ Ke7 66.f6+ Kf8 67.Kc6 
Ke8 68.Ng7+ Kd8 69.Nf5 Bc3 70.e7+ 1-0

[Event "Rewal 2011 - Open B"]
[Site "Rewal"]
[Date "2011.08.25"]
[Round "6.55"]
[White "Kiolbasa, Oliwia"]
[Black "Stezycka, Paulina"]
[Result "1-0"]
[WhiteElo "1701"]
[BlackElo "1558"]
[EventDate "2011.??.??"]
[PlyCount "59"]

1.e4 e5 2.Nf3 Nc6 3.d4 exd4 4.Nxd4 Bc5 5.Be3 Qf6 6.Nb5 Bxe3 7.fxe3 Qh4+ 8.
g3 Qxe4 9.Nxc7+ Kd8 10.Nxa8 Qxh1 11.Qd6 Nge7 12.Nd2 Qd5 13.Qc7+ Ke8 14.
Qxc8+ Nxc8 15.Nc7+ Kd8 16.Nxd5 Re8 17.O-O-O Ne5 18.Bh3 Nd6 19.Nb3 Ndc4 20.
Nd4 Nc6 21.Nxc6+ bxc6 22.Nb4 Nb6 23.Nxc6+ Kc7 24.Nxa7 Rxe3 25.Nb5+ Kd8 26.
Rd6 Nc4 27.Rxd7+ Ke8 28.Nc7+ Kf8 29.Rd8+ Ke7 30.Re8+ 1-0

[Event "Rewal 2011 - Open B"]
[Site "Rewal"]
[Date "2011.08.25"]
[Round "6.56"]
[White "Zhuk, Dmitriy"]
[Black "Mazur, Bartlomiej"]
[Result "1-0"]
[WhiteElo "1610"]
[BlackElo "1531"]
[EventDate "2011.??.??"]
[PlyCount "73"]

1.e4 e6 2.d4 d5 3.e5 c5 4.c3 Nc6 5.Nf3 Qb6 6.Bd3 cxd4 7.cxd4 Bb4+ 8.Nc3 
Bd7 9.Bc2 Rc8 10.O-O Nge7 11.Re1 h6 12.a3 Bxc3 13.bxc3 Ng6 14.Qd3 Nce7 15.
Bd2 Nf5 16.a4 Qc7 17.h3 a6 18.Reb1 b5 19.a5 O-O 20.g4 Nfe7 21.h4 Rfe8 22.
h5 Nf8 23.Kh1 Qc4 24.Rg1 Qxd3 25.Bxd3 Nh7 26.g5 hxg5 27.Nxg5 g6 28.Nxf7 
Kxf7 29.hxg6+ Kg7 30.gxh7+ Kh8 31.Bg5 Nf5 32.Bxf5 exf5 33.Bf6+ Kxh7 34.
Rg7+ Kh6 35.Rxd7 Rxc3 36.Rg7 b4 37.Kg2 1-0

[Event "Rewal 2011 - Open B"]
[Site "Rewal"]
[Date "2011.08.25"]
[Round "6.57"]
[White "Lapa, Aleksandra"]
[Black "Bzowski, Grzegorz"]
[Result "1-0"]
[WhiteElo "1458"]
[BlackElo "1717"]
[EventDate "2011.??.??"]
[PlyCount "125"]

1.c4 e6 2.Nf3 Nf6 3.Nc3 Be7 4.d4 c6 5.a3 d5 6.cxd5 exd5 7.Bf4 Nbd7 8.e3 
Nb6 9.h3 Bf5 10.Bd3 Ne4 11.Bxe4 Bxe4 12.Nxe4 dxe4 13.Nd2 Qd5 14.O-O h5 15.
f3 f5 16.fxe4 fxe4 17.Qc2 g5 18.Be5 Rg8 19.Rf5 h4 20.b3 g4 21.hxg4 Rxg4 
22.Rf4 Rg8 23.Qd1 Kd7 24.Qe2 Rg6 25.Kh1 Rag8 26.Rg1 Kd8 27.Rxe4 Nd7 28.Bf4
h3 29.g3 Nf6 30.Qf3 Nxe4 31.Qxe4 Qxe4+ 32.Nxe4 Bxa3 33.Ra1 Bb4 34.Rxa7 
R8g7 35.Kh2 b5 36.Ra8+ Ke7 37.Kxh3 Ke6 38.Ra1 Kd5 39.Nf2 Re6 40.Be5 Rh7+ 
41.Kg2 Reh6 42.g4 Bd6 43.e4+ Ke6 44.Bxd6 Kxd6 45.Ra6 Rh2+ 46.Kg3 R2h6 47.
Ra8 c5 48.g5 Rh5 49.Ra6+ Kc7 50.g6 Rg5+ 51.Kf4 Rhh5 52.d5 Rg2 53.Nd3 Rhg5 
54.Ne5 Rh5 55.Rc6+ Kb7 56.Rxc5 Rf2+ 57.Ke3 Rhh2 58.Rxb5+ Ka6 59.Rb4 Re2+ 
60.Kd4 Rd2+ 61.Kc5 Rc2+ 62.Rc4 Ra2 63.Ra4+ 1-0

[Event "Rewal 2011 - Open B"]
[Site "Rewal"]
[Date "2011.08.25"]
[Round "6.58"]
[White "Paterek, Bogumil"]
[Black "Strek, Jaroslaw"]
[Result "1-0"]
[WhiteElo "1654"]
[BlackElo "1551"]
[EventDate "2011.??.??"]
[PlyCount "53"]

1.c4 e6 2.Nc3 d5 3.e3 Nf6 4.a3 Bd6 5.d4 O-O 6.Nf3 Re8 7.Be2 a6 8.Qc2 c5 9.
dxc5 Bxc5 10.b4 Ba7 11.O-O dxc4 12.Bxc4 b5 13.Bd3 Bb7 14.Bb2 Nbd7 15.Rad1 
Qe7 16.Ng5 g6 17.Nce4 Rac8 18.Qe2 h6 19.Nxf6+ Nxf6 20.Nf3 Bb8 21.Ne5 Nd7 
22.Nxd7 Qxd7 23.Qg4 Qe7 24.Bxg6 fxg6 25.Qxg6+ Kf8 26.Qxh6+ Kg8 27.Qh8+ 1-0

[Event "Rewal 2011 - Open B"]
[Site "Rewal"]
[Date "2011.08.25"]
[Round "6.59"]
[White "Klementowski, Dawid"]
[Black "Zezulkin, Alina"]
[Result "1-0"]
[WhiteElo "1623"]
[BlackElo "1583"]
[EventDate "2011.??.??"]
[PlyCount "89"]

1.e4 c5 2.Nf3 Nc6 3.Bb5 d6 4.Bxc6+ bxc6 5.h3 Nf6 6.d3 g6 7.Nc3 Bg7 8.O-O 
O-O 9.Be3 Qb6 10.Na4 Qa5 11.c4 Bd7 12.Bd2 Qc7 13.Bc3 Rab8 14.Qc2 Rfd8 15.
Kh1 Qc8 16.h4 Bg4 17.Nh2 Bh6 18.Bxf6 exf6 19.f3 Be6 20.f4 f5 21.e5 dxe5 
22.fxe5 Bf8 23.Nf3 Qd7 24.Rad1 Be7 25.b3 Kg7 26.Qf2 Qc7 27.Nxc5 Qa5 28.
Nxe6+ fxe6 29.Nd4 Qxe5 30.Nxc6 Qf6 31.Nxb8 Rxb8 32.Rfe1 Rd8 33.Qg3 Bd6 34.
Qg5 Qd4 35.Rxe6 Rf8 36.h5 Bf4 37.Qe7+ Rf7 38.Qh4 g5 39.h6+ Kf8 40.Qe1 Qd8 
41.Qb4+ Kg8 42.Rde1 Rf8 43.Qe7 Qxe7 44.Rxe7 Rf7 45.Re8+ 1-0

[Event "Rewal 2011 - Open B"]
[Site "Rewal"]
[Date "2011.08.26"]
[Round "7.20"]
[White "Karwowski, Kacper"]
[Black "Hasinski, Krystian"]
[Result "1/2-1/2"]
[WhiteElo "1729"]
[BlackElo "1971"]
[EventDate "2011.??.??"]
[PlyCount "120"]

1.e4 c6 2.d4 d5 3.exd5 cxd5 4.c4 Nf6 5.Nc3 e6 6.Nf3 Be7 7.cxd5 Nxd5 8.Bd3 
Nc6 9.O-O Bf6 10.a3 Bxd4 11.Nxd4 Nxd4 12.Qa4+ Nc6 13.Nxd5 exd5 14.Bb5 O-O 
15.Bxc6 bxc6 16.Qxc6 Be6 17.Be3 Qf6 18.Qc3 Qg6 19.Bd4 Rfc8 20.Qe3 a6 21.
Rac1 h6 22.b4 Rc4 23.Rxc4 dxc4 24.Qg3 Qxg3 25.fxg3 Rd8 26.Bc3 g6 27.h3 h5 
28.Kf2 Rd3 29.Rc1 Kf8 30.a4 Ke8 31.Be1 Ra3 32.a5 Kd7 33.Bc3 Kc6 34.Ke3 Ra2
35.Bd2 Kb5 36.h4 Bd5 37.Rf1 f5 38.Bc3 Rxg2 39.Kf4 Rc2 40.Bd4 Kxb4 41.Rb1+ 
Kxa5 42.Ra1+ Kb5 43.Rb1+ Ka4 44.Ra1+ Kb3 45.Rxa6 Rd2 46.Ke5 Bf3 47.Rxg6 c3
48.Rb6+ Kc2 49.Rb8 Rxd4 50.Kxd4 Kd2 51.Rb3 c2 52.Rd3+ Ke2 53.Re3+ Kf2 54.
Rc3 Kxg3 55.Rxc2 Kxh4 56.Ke5 Be4 57.Rc8 Kg4 58.Rg8+ Kf3 59.Rh8 Kg4 60.Rg8+
Kf3 1/2-1/2

[Event "Rewal 2011 - Open B"]
[Site "Rewal"]
[Date "2011.08.25"]
[Round "6.62"]
[White "Niewiarowski, Mieszko"]
[Black "Budnik, Kazimierz"]
[Result "0-1"]
[WhiteElo "1535"]
[BlackElo "1567"]
[EventDate "2011.??.??"]
[PlyCount "54"]

1.e4 c5 2.Nf3 e6 3.d4 cxd4 4.Nxd4 Nf6 5.Nc3 d6 6.Bc4 Be7 7.f4 a6 8.Bb3 O-O
9.O-O Nc6 10.Nxc6 bxc6 11.Be3 Bb7 12.Qf3 c5 13.f5 exf5 14.Qxf5 Bc8 15.Qf3 
Bb7 16.Nd5 Nxd5 17.Bxd5 Bxd5 18.exd5 Rb8 19.b3 Bf6 20.Rae1 a5 21.Qg4 Kh8 
22.Rf3 Re8 23.Ref1 Re5 24.c4 Qe7 25.Bf4 Re1 26.Rxe1 Qxe1+ 27.Rf1 Bd4+ 0-1

[Event "Rewal 2011 - Open B"]
[Site "Rewal"]
[Date "2011.08.26"]
[Round "7.1"]
[White "Nikitin, Aleksander I"]
[Black "Bokiej, Przemyslaw"]
[Result "1/2-1/2"]
[WhiteElo "2081"]
[BlackElo "2097"]
[EventDate "2011.??.??"]
[PlyCount "124"]

1.b4 e5 2.Bb2 Bxb4 3.Bxe5 Nf6 4.c3 Be7 5.d4 O-O 6.e3 Re8 7.Bd3 d6 8.Bg3 d5
9.Nd2 c5 10.Ne2 Nc6 11.O-O c4 12.Bc2 Bd6 13.Bxd6 Qxd6 14.Ng3 Be6 15.a4 a6 
16.e4 dxe4 17.Ndxe4 Nxe4 18.Nxe4 Qd5 19.Rb1 Rad8 20.Nc5 Bc8 21.Re1 f5 22.
h4 Rf8 23.Nxb7 Bxb7 24.Rxb7 Rb8 25.Rxb8 Rxb8 26.Qh5 g6 27.Qh6 Qf7 28.h5 
Re8 29.Rxe8+ Qxe8 30.hxg6 hxg6 31.g4 Ne7 32.Qe3 Qf7 33.Qf3 Kg7 34.gxf5 
gxf5 35.Qg3+ Kf8 36.Qb8+ Kg7 37.Qe5+ Kg8 38.Kf1 Kh7 39.Ke1 Kg8 40.Kd2 Kh7 
41.Bd1 Ng6 42.Qd6 Qb7 43.Bc2 Qf7 44.Qh2+ Kg7 45.Qh5 Ne7 46.Qg5+ Kf8 47.Bd1
Qe6 48.Be2 Qb6 49.Bd1 Qe6 50.Qe3 Qb6 51.Qe5 Qh6+ 52.Kc2 Qh4 53.Qg3 Qh7 54.
Kb2 Qh1 55.Qb8+ Kg7 56.Be2 Qe1 57.Qe5+ Kf8 58.Bxc4 Qd2+ 59.Kb1 Qd1+ 60.Kb2
Qd2+ 61.Ka3 Qc1+ 62.Ka2 Qc2+ 1/2-1/2

[Event "Rewal 2011 - Open B"]
[Site "Rewal"]
[Date "2011.08.26"]
[Round "7.2"]
[White "Zielinski, Wojciech"]
[Black "Aleksandrowicz, Marek"]
[Result "1-0"]
[WhiteElo "2097"]
[BlackElo "1959"]
[EventDate "2011.??.??"]
[PlyCount "107"]

1.b3 e5 2.Bb2 Nc6 3.e3 Nf6 4.Nf3 e4 5.Nd4 Nxd4 6.Bxd4 Be7 7.d3 d5 8.Bb2 
O-O 9.Be2 Re8 10.O-O c6 11.Nd2 Bf5 12.Rc1 Qd7 13.dxe4 dxe4 14.c4 Rad8 15.
Bc3 Qe6 16.Qc2 Nd7 17.b4 Qg6 18.Rfd1 Bf6 19.Nf1 h5 20.Ng3 h4 21.Nxf5 Qxf5 
22.Bxf6 Nxf6 23.h3 g5 24.Rxd8 Rxd8 25.Rd1 Rxd1+ 26.Qxd1 b6 27.Qd6 Kg7 28.
Qxc6 g4 29.Bxg4 Nxg4 30.hxg4 Qxg4 31.Qd6 f6 32.Kh2 Qe2 33.Qe7+ Kg8 34.Qe8+
Kg7 35.Qe7+ Kg8 36.Qxe4 Qxf2 37.Qf4 Qxa2 38.c5 bxc5 39.bxc5 Qd5 40.Qb8+ 
Kf7 41.Qxa7+ Ke6 42.Qc7 h3 43.Qc8+ Ke7 44.Kxh3 Qh5+ 45.Kg3 Qe5+ 46.Kf2 Qe4
47.Qc7+ Ke8 48.Qb8+ Kf7 49.Qb3+ Ke7 50.Kg1 f5 51.Qc3 f4 52.Qg7+ Ke8 53.
Qh8+ Kf7 54.Qh5+ 1-0

[Event "Rewal 2011 - Open B"]
[Site "Rewal"]
[Date "2011.08.26"]
[Round "7.3"]
[White "Musialkiewicz, Pawel"]
[Black "Nowak, Ryszard"]
[Result "1/2-1/2"]
[WhiteElo "1961"]
[BlackElo "2055"]
[EventDate "2011.??.??"]
[PlyCount "120"]

1.d4 Nf6 2.c4 e6 3.Nc3 Bb4 4.Qc2 d5 5.a3 Be7 6.cxd5 Nxd5 7.e4 Nxc3 8.Qxc3 
O-O 9.Bf4 c6 10.Qg3 Nd7 11.Be2 Kh8 12.e5 Nb6 13.Nf3 Nd5 14.Bd2 f5 15.O-O 
Bd7 16.Bg5 Be8 17.Bxe7 Qxe7 18.Nd2 c5 19.Nb3 b6 20.Rac1 Ba4 21.dxc5 Bxb3 
22.Qxb3 bxc5 23.Bf3 Rab8 24.Qc4 Rfc8 25.Bxd5 exd5 26.Qxd5 Rxb2 27.Rfd1 h6 
28.Qd6 Rb7 29.Qd5 Rbc7 30.Rc4 Rc6 31.h3 Qe6 32.Rxc5 Qxd5 33.Rcxd5 Ra6 34.
Rd8+ Rxd8 35.Rxd8+ Kh7 36.Rd3 Kg6 37.f4 Kf7 38.Kf2 g5 39.g3 gxf4 40.gxf4 
Ke6 41.Kg3 Ke7 42.Kh4 Ra4 43.Kg3 Ra6 44.Kh4 Ra4 45.Rf3 Ra6 46.Kh5 Rb6 47.
Re3 a5 48.e6 a4 49.Kxh6 Rb3 50.Re5 Rxh3+ 51.Kg5 Rxa3 52.Kxf5 Rh3 53.Kg4 
Rh8 54.f5 Ra8 55.Kg5 Rg8+ 56.Kf4 Ra8 57.Re2 a3 58.Ra2 Kf6 59.Ke4 Ra5 60.
Kd4 Rxf5 1/2-1/2

[Event "Rewal 2011 - Open B"]
[Site "Rewal"]
[Date "2011.08.26"]
[Round "7.4"]
[White "Karcz, Bartlomiej"]
[Black "Jaskolka, Tomasz"]
[Result "0-1"]
[WhiteElo "1943"]
[BlackElo "2003"]
[EventDate "2011.??.??"]
[PlyCount "68"]

1.e4 e5 2.Nc3 Bc5 3.f4 d6 4.Nf3 Nc6 5.Bb5 Bd7 6.d3 Nf6 7.Qe2 Nd4 8.Nxd4 
Bxd4 9.Bxd7+ Qxd7 10.Bd2 b5 11.Nd5 Bxb2 12.Rb1 Bd4 13.fxe5 Bxe5 14.Rxb5 
Nxd5 15.Rxd5 Qa4 16.O-O O-O 17.Qd1 a5 18.c4 Qxa2 19.Rb5 Rfb8 20.Qf3 f6 21.
Rxb8+ Rxb8 22.Be3 c5 23.Qg4 Qb2 24.Kh1 a4 25.Bh6 Qb7 26.Bc1 Qc8 27.Qd1 Qa6
28.Rf2 Rb1 29.Qc2 Qb7 30.g3 Qb3 31.Kg2 Qxc2 32.Rxc2 Rxc1 33.Rxc1 a3 34.Rc2
Bb2 0-1

[Event "Rewal 2011 - Open B"]
[Site "Rewal"]
[Date "2011.08.26"]
[Round "7.5"]
[White "Jedras, Piotr"]
[Black "Borowicz, Przemyslaw"]
[Result "0-1"]
[WhiteElo "1919"]
[BlackElo "1989"]
[EventDate "2011.??.??"]
[PlyCount "172"]

1.e4 c6 2.Nf3 d5 3.Nc3 dxe4 4.Nxe4 Nd7 5.Bc4 e6 6.Qe2 Ngf6 7.Neg5 Nd5 8.d4
h6 9.Ne4 Be7 10.O-O Qc7 11.g3 O-O 12.a3 a5 13.Bd3 b6 14.c4 N5f6 15.Bf4 Qd8
16.Ne5 Bb7 17.Rad1 Qc8 18.Nxd7 Qxd7 19.Nxf6+ Bxf6 20.Qe4 Rfd8 21.Qh7+ Kf8 
22.c5 Qxd4 23.Bd6+ Rxd6 24.cxd6 Qxd6 25.Ba6 Qc7 26.Bxb7 Qxb7 27.Rd3 Bxb2 
28.Rfd1 Ke7 29.Qe4 Qc7 30.Qe3 c5 31.Qe4 Ra7 32.Qc4 Bd4 33.a4 Rb7 34.Rb1 
Qe5 35.Rdb3 Qf5 36.Qe2 c4 37.Rb5 Bc5 38.Rc1 Qd3 39.Kf1 Qd5 40.Qxc4 Qxc4+ 
41.Rxc4 Rd7 42.Ke2 Rd5 43.f4 Kd6 44.Rc3 Kc7 45.Rd3 Rh5 46.h4 e5 47.Rd5 f6 
48.Kf3 Kc6 49.Rd1 exf4 50.Kxf4 Re5 51.Rd8 g5+ 52.hxg5 hxg5+ 53.Kg4 Re4+ 
54.Kf5 Rxa4 55.Rb3 Bd4 56.Rd3 Be5 57.Rc8+ Kb7 58.Rc2 Ra1 59.Ke4 Rg1 60.Rf2
Rxg3 61.Rxg3 Bxg3 62.Rxf6 Ka6 63.Rf5 Bf4 64.Kd3 Kb7 65.Kc4 Kc6 66.Rf6+ Bd6
67.Rg6 b5+ 68.Kb3 a4+ 69.Kb2 b4 70.Rxg5 Bc5 71.Rg3 Bd4+ 72.Ka2 b3+ 73.Ka3 
Bc5+ 74.Kb2 Kb5 75.Rg8 Kc4 76.Rc8 a3+ 77.Kb1 Kb5 78.Rb8+ Bb6 79.Ra8 Ba5 
80.Rb8+ Kc4 81.Rc8+ Kd3 82.Ra8 a2+ 83.Kb2 a1=Q+ 84.Kxa1 Kc2 85.Rc8+ Bc3+ 
86.Rxc3+ Kxc3 0-1

[Event "Rewal 2011 - Open B"]
[Site "Rewal"]
[Date "2011.08.26"]
[Round "7.6"]
[White "Botor, Michal"]
[Black "Kosny, Marek"]
[Result "1-0"]
[WhiteElo "1987"]
[BlackElo "1945"]
[EventDate "2011.??.??"]
[PlyCount "53"]

1.e4 Nf6 2.e5 Nd5 3.c4 Nb6 4.d4 d6 5.f4 dxe5 6.fxe5 Nc6 7.Nf3 Bg4 8.Be3 e6
9.Nc3 Bb4 10.Be2 O-O 11.O-O Bxc3 12.bxc3 Na5 13.Nd2 Bf5 14.d5 Qd7 15.Bc5 
exd5 16.Bxf8 Rxf8 17.c5 Na4 18.Nb3 Nxc3 19.Qd2 Nxe2+ 20.Qxe2 Nc4 21.Nd4 
Be4 22.e6 fxe6 23.Rxf8+ Kxf8 24.Rf1+ Ke7 25.Qh5 Qe8 26.Qg5+ Kd7 27.Qxg7+ 
1-0

[Event "Rewal 2011 - Open B"]
[Site "Rewal"]
[Date "2011.08.26"]
[Round "7.7"]
[White "Blaszkiewicz, Mateusz"]
[Black "Stankiewicz, Pawel"]
[Result "1-0"]
[WhiteElo "1871"]
[BlackElo "2064"]
[EventDate "2011.??.??"]
[PlyCount "44"]

1.e4 c6 2.d4 g6 3.Nc3 d5 4.e5 Bg7 5.f4 h5 6.Bd3 Nh6 7.Nf3 Bf5 8.Be3 Bxd3 
9.Qxd3 e6 10.O-O-O Nf5 11.Bf2 Nd7 12.Ne2 Qa5 13.Kb1 O-O-O 14.Ng5 Rdf8 15.
Qb3 Kb8 16.Be1 Qc7 17.Bb4 c5 18.dxc5 Nxc5 19.Qa3 b6 20.c4 dxc4 21.Nd4 Nd3 
22.Nxf5 gxf5 1-0

[Event "Rewal 2011 - Open B"]
[Site "Rewal"]
[Date "2011.08.26"]
[Round "7.8"]
[White "Lewtak, Damian"]
[Black "Radzicki, Wieslaw"]
[Result "1/2-1/2"]
[WhiteElo "2093"]
[BlackElo "1820"]
[EventDate "2011.??.??"]
[PlyCount "74"]

1.e4 e5 2.Nf3 Nf6 3.Nxe5 d6 4.Nf3 Nxe4 5.d4 d5 6.Bd3 Nc6 7.O-O Be7 8.Re1 
Bg4 9.c4 Bxf3 10.Qxf3 Nxd4 11.Qe3 Nf5 12.Qf4 Qd7 13.f3 g5 14.Qe5 f6 15.
Qxd5 Qxd5 16.cxd5 Ned6 17.Nc3 h5 18.Bd2 Kf7 19.Rac1 Rac8 20.Nb5 Bd8 21.Bb4
a6 22.Nxd6+ Nxd6 23.Bxd6 cxd6 24.Bf5 Rxc1 25.Rxc1 Bb6+ 26.Kf1 Rb8 27.Ke2 
a5 28.Kd3 Bc5 29.Rh1 Re8 30.Be6+ Kg6 31.h4 Re7 32.g4 gxh4 33.Rxh4 hxg4 34.
fxg4 Kg7 35.Rh2 b5 36.Rh3 Re8 37.Bd7 Re5 1/2-1/2

[Event "Rewal 2011 - Open B"]
[Site "Rewal"]
[Date "2011.08.26"]
[Round "7.9"]
[White "Gonsior, Monika"]
[Black "Gawiec, Konrad"]
[Result "1/2-1/2"]
[WhiteElo "2059"]
[BlackElo "1820"]
[EventDate "2011.??.??"]
[PlyCount "32"]

1.e4 c5 2.Nf3 Nc6 3.d4 cxd4 4.Nxd4 g6 5.c3 Nf6 6.Bd3 Bg7 7.O-O O-O 8.Be3 
d5 9.exd5 Nxd5 10.Nxc6 Nxe3 11.Nxd8 Nxd1 12.Rxd1 Rxd8 13.Na3 Be6 14.Bc4 
Bf5 15.f3 h5 16.Bb3 Bd3 1/2-1/2

[Event "Rewal 2011 - Open B"]
[Site "Rewal"]
[Date "2011.08.26"]
[Round "7.10"]
[White "Cieslar, Michal"]
[Black "Dzierzak, Radoslaw"]
[Result "1-0"]
[WhiteElo "1966"]
[BlackElo "1813"]
[EventDate "2011.??.??"]
[PlyCount "101"]

1.e4 d5 2.exd5 Qxd5 3.Nc3 Qa5 4.d4 Nf6 5.Bc4 c6 6.Ne2 Bg4 7.f3 Bh5 8.Bd2 
e6 9.O-O Nbd7 10.Nd5 Qd8 11.Ndf4 Bd6 12.Re1 Qc7 13.Bxe6 fxe6 14.Nxe6 Qb6 
15.c4 Kf7 16.c5 Nxc5 17.Ng5+ Kg8 18.dxc5 Bxc5+ 19.Kh1 h6 20.Ne6 Bf2 21.Bc3
Bxe1 22.Qxe1 Qe3 23.N6f4 Bf7 24.Qg3 Qe7 25.Nd4 Qd7 26.Nde6 Bxe6 27.Bxf6 
Rh7 28.Bc3 Bf7 29.Qf2 g5 30.Ne2 Bg6 31.f4 Rf7 32.Rf1 Re8 33.Re1 Qd3 34.Ng3
Rxf4 35.Rxe8+ Bxe8 36.Qe1 Bf7 37.h3 Qd5 38.Kh2 g4 39.Qe7 Rd4 40.hxg4 Qd8 
41.Qc5 Qh4+ 42.Kg1 Rd1+ 43.Kf2 Qxg4 44.Qe5 Be6 45.Qb8+ Kf7 46.Qxb7+ Rd7 
47.Qb8 Qg8 48.Qf4+ Ke8 49.Ne4 Qf8 50.Nf6+ Qxf6 51.Bxf6 1-0

[Event "Rewal 2011 - Open B"]
[Site "Rewal"]
[Date "2011.08.26"]
[Round "7.11"]
[White "Barburzynska, Magdalena"]
[Black "Wisniewski, Michal"]
[Result "1/2-1/2"]
[WhiteElo "1936"]
[BlackElo "1713"]
[EventDate "2011.??.??"]
[PlyCount "62"]

1.e4 e6 2.d4 d5 3.Nc3 Bb4 4.e5 c5 5.a3 Bxc3+ 6.bxc3 Ne7 7.Qg4 cxd4 8.cxd4 
Qc7 9.Bd2 Qxc2 10.Qxg7 Rg8 11.Qh6 Qb2 12.Rc1 Qxd4 13.Qxh7 Qxe5+ 14.Ne2 Qg7
15.Qxg7 Rxg7 16.Bc3 Rg8 17.h4 Nbc6 18.Ng3 d4 19.Bd2 f5 20.h5 Bd7 21.h6 
O-O-O 22.h7 Rh8 23.Bg5 Kb8 24.Bf6 Nd5 25.Bxd8 Nxd8 26.Bc4 Nf4 27.Ne2 Nxg2+
28.Kf1 Bc6 29.Rh2 e5 30.Rxg2 Bxg2+ 31.Kxg2 Rxh7 1/2-1/2